| 000 | 01084nam a22002657a 4500 | ||
|---|---|---|---|
| 005 | 20170124105919.0 | ||
| 010 | _aA-240927 | ||
| 020 | _c00 | ||
| 035 | _aA-240927 | ||
| 037 | _bCen Lib/Ret | ||
| 040 |
_aDPL _bEN |
||
| 082 | _a362.40954 | ||
| 100 |
_aMehta, D.S. _93758 |
||
| 245 |
_aHandbook of Disabled in india / _cby D.S. Mehta |
||
| 246 | _b | ||
| 260 |
_bAllied Publishers _aNew Delhi _c1983 |
||
| 270 |
_bNew Delhi _a7/15, kirti nagar _e110015 |
||
| 300 |
_axix, 392p.p. _c21cm(Hb) |
||
| 500 | _aIncludes bibliographical references and index | ||
| 650 |
_aSocial Science _93759 |
||
| 650 |
_aHandicapped _vHandbooks _93760 |
||
| 650 |
_a सामाजिक विज्ञान _9442 |
||
| 650 |
_a विकलांग _x हैंडबुक _91521 |
||
| 942 |
_2ddc _cEN _h362.40954 _mMEH |
||
| 999 |
_c123034 _d123034 |
||